000 00913cab a2200193 4500
001 ##L134715
008 060829n2006 000 0 eng u
035 _a(Sirsi) u134715
041 0 _aeng
100 1 _aSoltani, Sonia
245 0 0 _aNow we understand
260 _c2006
490 0 _aBuilding
_v271(8444) 25 August 2006, 38-39(2)
520 _aReports on the Avanti initiative, an approach to collaborative working where the construction project team has early access to all project information and information, drawings and schedules are shared in an agreed and consistent format. Advantages of Avanti include cost savings and improved communication within the team. Highlights Costain's £30m PalaceXchange mixed-use development in Enfield as a good example of using the Avanti approach.
590 _aIKA050906 NTK
651 _aUnited Kingdom
_y
690 _aProject management
_96261
942 _n0
999 _c77626
_d77626